书目信息 |
| 书名: | Shop floor control systems | |
| 作者: | A. Bauer ... [et al.]. | |
| 分册号: | ||
| 分册名: | 出版地: | London ; |
|
| 出版社: | Chapman & Hall | |
| 出版时间: | 1994. | |
| 页数: | xx, 344 p. : | |
| 开本: | 24 cm. | |
| 丛书名: | ||
| 中图分类号: | ||
| 科图分类号: | ||
| 其他分类号: | F406.6 | |
| 主题词: | ||
| 电子资源: | ||
| 000 | 01033nam a2200301 a 450 | |
| 001 | E0737424057 | |
| 005 | 20070726103018.87 | |
| 008 | 931220s1994 enka b 001 0 eng d | |
| 010 | @a93074494 | |
| 020 | @a0412581507 (pbk.). | |
| 035 | @A(DLC) 93074494 | |
| 035 | @a(OCoLC)30013978 | |
| 040 | @aCU-A@cCU-A@dDLC | |
| 042 | @alccopycat | |
| 050 | 00 | @aTS155.8@b.S47 1994 |
| 082 | 00 | @a658.5@2 20 |
| 090 | @aF406.6 | |
| 099 | @dF406.6@ex19 | |
| 245 | 00 | @aShop floor control systems :@bfrom design to implementation / @cA. Bauer ... [et al.]. |
| 260 | @aLondon ;@aNew York :@bChapman & Hall,@c1994. | |
| 300 | @axx, 344 p. :@bill. ;@c24 cm. | |
| 504 | @aIncludes bibliographical references (p. [314]-335) and index. | |
| 650 | 0 | @aProduction control. |
| 700 | 1 | @aBauer, Alfred,@d1956- |
| 906 | @a7@bcbc@ccopycat@d2@eopcn@f19@gy-gencatlg | |
| 922 | @acf | |
| 955 | @apn05; uc10 08-23-94 to ASCD; jf00 08/25/94; jf08 08-31-94 to SL;jf12 09-06-94 to ddc | |
| 991 | @bc-GenColl@hTS155.8@i.S47 1994@tCopy 1@wBOOKS | |
| Shop floor control systems : : from design to implementation / / A. Bauer ... [et al.].-London ; ; New York : : Chapman & Hall, , 1994. |
| xx, 344 p. : : ill. ; ; 24 cm. |
| Includes bibliographical references (p. [314]-335) and index. |
| ISBN 0412581507 (pbk.). |
| ● |
| 相关链接 |
|
|
|
|
正题名:Shop floor control systems
索取号:F406.6/x19
 
预约/预借
| 序号 | 登录号 | 条形码 | 馆藏地/架位号 | 状态 | 备注 |
| 1 | 14000 | 300140005 | 第二样本阅览室/ [索取号:F406.6/x19] | 在馆 |